00377nam a22001457a 4500003000400000008004100004020001800045082001800063100002400081245004800105250001400153260003800167300000800205650001800213OSt210223b ||||| |||| 00| 0 eng d a9788129124913 a954.05092 KAM aKALAM, A.P.J. Abdul aMy Journey Transforming Dreams into Actions a32th Imp. aNew DelhibRupa Publicationc2020 a147 aGeneral Books